Historia de la economía (Registro nro. 4283)
[ vista simple ]
| 000 -LEADER | |
|---|---|
| fixed length control field | 01565 a2200217 4500 |
| 001 - CONTROL NUMBER | |
| control field | 47086 |
| 005 - DATE AND TIME OF LATEST TRANSACTION | |
| control field | 20260407155739.0 |
| 008 - FIXED-LENGTH DATA ELEMENTS--GENERAL INFORMATION | |
| fixed length control field | 260407a1991 arg spa d |
| 003 - CONTROL NUMBER IDENTIFIER | |
| control field | AR-UNSa-BCEJYS |
| 040 ## - CATALOGING SOURCE | |
| Original cataloging agency | AR-UNSa-BCEJYS |
| Language of cataloging | spa |
| Transcribing agency | AR-UNSa-BCEJYS |
| 080 ## - UNIVERSAL DECIMAL CLASSIFICATION NUMBER | |
| Universal Decimal Classification number | 94:33 |
| Common auxiliary subdivision | Historia económica |
| 020 ## - INTERNATIONAL STANDARD BOOK NUMBER | |
| International Standard Book Number | 978-950-9122-13-0 |
| 100 1# - MAIN ENTRY--PERSONAL NAME | |
| Personal name | Galbraith, John Kenneth |
| 245 10 - TITLE STATEMENT | |
| Title | Historia de la economía |
| 264 #1 - PRODUCTION, PUBLICATION, DISTRIBUTION, MANUFACTURE, AND COPYRIGHT NOTICE | |
| Place of production, publication, distribution, manufacture | Barcelona : |
| Name of producer, publisher, distributor, manufacturer | Ediciones Ariel |
| Date of production, publication, distribution, manufacture, or copyright notice | 1991 |
| 300 ## - PHYSICAL DESCRIPTION | |
| Extent | 331 p. |
| Dimensions | 23 cm. |
| 505 ## - FORMATTED CONTENTS NOTE | |
| Formatted contents note | 1. Una visión panorámica - 2. Después de Adán - 3. El perdurable intermedio - 4. Los mercaderes y el Estado - 5. El proyecto francés - 6. El nuevo mundo de Adam Smith - 7. Refinamiento, afirmación y las semillas de la revuelta - 8. La gran tradición clásica [1]: Por los alrededores - 9. La gran tradición clásica [2]: La corriente principal - 10. La gran tradición clásica [3]: La defensa de la fe - 11. La ofensiva general - 12. La peculiar personalidad del dinero - 13. Focos de interés en Estados Unidos : El comercio y los monopolios; los enriquecidos y los ricos - 14. Culminación y crítica - 15. La fuerza primordial d la Gran Depresión - 16. El nacimiento del Estado del bienestar - 17. John Maynard Keynes - 18. La confirmación de Marte - 19. Pleno mediodía - 20. Crepúsculo y toque de oración - 21. El presente como el futuro [I] - 22. El presente como el futuro [II]. |
| 590 ## - LOCAL NOTE (RLIN) | |
| Local note | niveau_biblio:m niveau_hierar:0 |
| 856 41 - ELECTRONIC LOCATION AND ACCESS | |
| Uniform Resource Identifier | <a href="https://www.biblioeco.unsa.edu.ar/pmb/images/libros/L127387.jpg">https://www.biblioeco.unsa.edu.ar/pmb/images/libros/L127387.jpg</a> |
| Link text | Imagen de portada |
| Electronic format type | image/jpeg |
| 942 ## - ADDED ENTRY ELEMENTS (KOHA) | |
| Koha item type | |
| Withdrawn status | Lost status | Damaged status | Not for loan | Home library | Current library | Shelving location | Date acquired | Total checkouts | Full call number | Barcode | Date last seen | Price effective from | Koha item type |
|---|---|---|---|---|---|---|---|---|---|---|---|---|---|
| Biblioteca Prof. Eusebio Cleto del Rey | Biblioteca Prof. Eusebio Cleto del Rey | 07/04/2026 | 94:33 G148 | L127387 | 07/04/2026 | 07/04/2026 | Libro |